[Event "IX Weekend A"]
[Site "Ivrea ITA"]
[Date "2003.03.21"]
[Round "1"]
[White "Vinciguerra, Marco"]
[Black "Ranieri, Fabrizio"]
[Result "0-1"]
[WhiteElo "1759"]
[BlackElo "2173"]
[PlyCount "74"]
[EventDate "2003.03.21"]

1. e4 e6 2. d4 d5 3. Nc3 Nf6 4. Bg5 Bb4 5. exd5 exd5 6. Bd3 h6 7. Bf4 O-O 8. a3
Bd6 9. Bxd6 Qxd6 10. f3 c5 11. dxc5 Qxc5 12. Qd2 Nc6 13. O-O-O a6 14. Nge2 b5
15. Nf4 b4 16. Ncxd5 Nxd5 17. Nxd5 bxa3 18. b4 Qa7 19. Qc3 Ne7 20. Nxe7+ Qxe7
21. Rhe1 Qg5+ 22. Kb1 Be6 23. Qxa3 Kh8 24. Qc3 Rfb8 25. Be4 Ra7 26. Qe3 Qe7 27.
c3 a5 28. Bd5 axb4 29. c4 b3 30. c5 Bf5+ 31. Be4 Bxe4+ 32. fxe4 b2 33. Qd4 Qb7
34. Kc2 Qb3+ 35. Kd2 b1=N+ 36. Kc1 Nd2 37. Re3 Rd7 0-1

[Event "IX Weekend A"]
[Site "Ivrea ITA"]
[Date "2003.03.22"]
[Round "2"]
[White "Ranieri, Fabrizio"]
[Black "Castaldo, Folco"]
[Result "1/2-1/2"]
[WhiteElo "2173"]
[BlackElo "2338"]
[PlyCount "38"]
[EventDate "2003.03.21"]

1. e4 c5 2. Nf3 e6 3. d4 cxd4 4. Nxd4 a6 5. Nc3 Ne7 6. Be3 Nbc6 7. Nb3 Ng6 8.
Be2 Be7 9. O-O O-O 10. Qd2 Qc7 11. Rfd1 b5 12. a4 b4 13. Na2 Rb8 14. Nc5 Nce5
15. Nxa6 Bxa6 16. Bxa6 Ng4 17. g3 Nxe3 18. Qxe3 Qxc2 19. b3 d6 1/2-1/2

[Event "IX Weekend A"]
[Site "Ivrea ITA"]
[Date "2003.03.22"]
[Round "3"]
[White "Giuriati, Paolo"]
[Black "Ranieri, Fabrizio"]
[Result "1-0"]
[WhiteElo "2160"]
[BlackElo "2173"]
[PlyCount "109"]
[EventDate "2003.03.21"]

1. d4 e6 2. Nf3 d5 3. Bf4 Nf6 4. e3 Be7 5. h3 O-O 6. Bd3 c5 7. c3 Qb6 8. Qc2
Bd7 9. a4 Nc6 10. Nbd2 Rac8 11. Qb1 h6 12. g4 cxd4 13. exd4 Ne8 14. h4 Bd6 15.
Be3 f5 16. gxf5 exf5 17. Ne5 Qc7 18. f4 Nxe5 19. fxe5 Be7 20. Bf4 Qd8 21. Nf3
Nc7 22. Qc1 Rf7 23. Qd2 Ne6 24. Qh2 Nxf4 25. Qxf4 Qb6 26. Rh2 Qg6 27. Kf2 Qg4
28. Ke3 a6 29. Bc2 Rc6 30. Rg1 Qxf4+ 31. Kxf4 Rb6 32. Bd1 Bd8 33. h5 a5 34. Rg6
Be6 35. Rxe6 Rxe6 36. Bb3 Rd7 37. c4 Rb6 38. Ba2 dxc4 39. Bxc4+ Kh7 40. Kxf5
g6+ 41. hxg6+ Rxg6 42. e6 Rc7 43. b3 Rcg7 44. Ne5 Rg5+ 45. Ke4 Bc7 46. Rf2 Bxe5
47. dxe5 Re7 48. Kd5 Rgg7 49. Bd3+ Kg8 50. Rh2 Rg3 51. Kd6 Reg7 52. Bc4 R3g6
53. Rg2 h5 54. Rxg6 Rxg6 55. Kd7 1-0

[Event "IX Weekend A"]
[Site "Ivrea ITA"]
[Date "2003.02.23"]
[Round "4"]
[White "Ranieri, Fabrizio"]
[Black "Leoni, Alessandro"]
[Result "1-0"]
[WhiteElo "2173"]
[BlackElo "1702"]
[PlyCount "115"]
[EventDate "2003.03.21"]

1. e4 c5 2. Nf3 Nc6 3. d4 cxd4 4. Nxd4 Nf6 5. Nc3 d6 6. Be3 Bd7 7. f3 Rc8 8.
Qd2 Ne5 9. O-O-O Nc4 10. Bxc4 Rxc4 11. h4 h5 12. Qd3 Rc8 13. Bg5 a6 14. Rhe1
Nh7 15. Be3 e6 16. g3 Be7 17. f4 Nf6 18. Nf3 Bc6 19. Ng5 O-O 20. Kb1 e5 21. Nd5
Bxd5 22. exd5 e4 23. Nxe4 Nxe4 24. Qxe4 Re8 25. Bd4 Qd7 26. Qd3 Bf8 27. a3 Qg4
28. Bc3 Qd7 29. f5 Qa4 30. Qf3 Rxe1 31. Rxe1 Qb5 32. Ka1 Qa4 33. Qd3 Re8 34.
Rxe8 Qxe8 35. Qf3 Qa4 36. Kb1 Qc4 37. b3 Qc5 38. Kb2 a5 39. Qd3 b6 40. Qd4 Qc7
41. g4 hxg4 42. Qxg4 Qd7 43. h5 Kh7 44. Qg5 Qe7 45. f6 gxf6 46. Qf5+ Kg8 47.
Bxf6 Qe3 48. Qg4+ Kh7 49. Bc3 Bh6 50. Qf5+ Kg8 51. Qf6 Qc1+ 52. Ka2 Qxc2+ 53.
Bb2 Qh7 54. Qxd6 Bf8 55. Qg3+ Bg7 56. Qxg7+ Qxg7 57. Bxg7 Kxg7 58. h6+ 1-0

[Event "IX Weekend A"]
[Site "Ivrea ITA"]
[Date "2003.02.23"]
[Round "5"]
[White "Ranieri, Fabrizio"]
[Black "Mrdja, Milan"]
[Result "1/2-1/2"]
[WhiteElo "2173"]
[BlackElo "2346"]
[PlyCount "64"]
[EventDate "2003.03.21"]

1. e4 c5 2. Nf3 Nc6 3. d4 cxd4 4. Nxd4 Qc7 5. Nc3 e6 6. Be2 a6 7. O-O Nf6 8.
Be3 b5 9. Nxc6 dxc6 10. a3 Bb7 11. f4 Be7 12. Bf3 e5 13. fxe5 Qxe5 14. Qe2 Bc5
15. Kh1 Bxe3 16. Qxe3 O-O 17. Qb6 Rab8 18. Rad1 Rfe8 19. a4 h6 20. Rfe1 Kh7 21.
Rd2 Re6 22. Qa7 Re7 23. Qb6 Nd7 24. Qf2 Nc5 25. Qd4 Rbe8 26. Rf1 Qxd4 27. Rxd4
Rd7 28. Rxd7 Nxd7 29. Bh5 Nf6 30. Bxf7 Re7 31. axb5 axb5 32. Bb3 Nxe4 1/2-1/2